000 00666 a2200205 4500
999 _c41476
_d41476
003 OSt
005 20220630124533.0
008 220630b ||||| |||| 00| 0 eng d
020 _a8180691101
020 _a8180691136
020 _a8180691144(vol1)
020 _a80691152(vol2)
040 _coclc
082 _a150.724
_bRAJ/E
100 1 _99039
_aRajamanickam, M.
_d1925-
_q(Muniappa),
245 _aExperimental Psychology with Advanced Experiments /
_cM Rajamanickam
260 _aNew Delhi:
_bConcept publishing company,
_c2005.
300 _avol1 1-534 pages vol2 535-1062 pages
942 _2ddc
_cREF
_h150.724
_iRAJ/E
_k150.724
_mRAJ/E